XI Roku 2004 wg Tygodnika "Piłka Nożna" (Europa) - Statystyki

Ogólne statystyki
  • Ten quiz został rozwiązany 90 razy
  • Średni wynik to 7 z 11
Statystyki odpowiedzi
Pozycja Kraj Klub Zawodnik % Poprawnych
BR Czechy Chelsea Petr Cech
100%
N Francja Arsenal Thierry Henry
98%
ŚO Anglia Chelsea John Terry
88%
N Ukraina Milan Andrij Szewczenko
81%
LO Anglia Arsenal Ashley Cole
80%
ŚP Portugalia Porto/Barcelona Deco
80%
ŚPD Francja Arsenal Patrick Vieira
67%
ŚO Portugalia Porto/Chelsea Ricardo Carvalho
67%
PP Francja Monaco/Barcelona Ludovic Giuly
38%
LP Hiszpania Valencia Vicente
6%
PO Grecja Panathinaikos/Porto Yourkas Seitaridis
4%
Nie znaleziono quizów pasujących do podanych kryteriów
Rozkład punktacji
Procent ludzi z każdym wynikiem
Percentyl według liczby udzielonych odpowiedzi
Twoja historia wyników
Nie rozwiązałeś tego quizu